Catálogo
 En Linea

Qué es el carlismo / (Registro nro. 38294)

Detalles MARC
000 -CABECERA
campo de control de longitud fija 00588nam a2200145 a 4500
001 - NÚMERO DE CONTROL
campo de control 000038804
005 - FECHA Y HORA DE LA ÚLTIMA TRANSACCIÓN
campo de control 20201002031358.0
008 - DATOS DE LONGITUD FIJA--INFORMACIÓN GENERAL
campo de control de longitud fija 130425s1976 sp ac 000 0 spa d
040 ## - FUENTE DE LA CATALOGACIÓN
Centro catalogador/agencia de origen DO-SdBNP
Lengua de catalogación spa
Centro/agencia transcriptor BNPHU
100 1# - ENTRADA PRINCIPAL--NOMBRE DE PERSONA
Nombre de persona Borbón-Parma, Carlos Hugo, de
9 (RLIN) 65103
245 10 - MENCIÓN DE TÍTULO
Título Qué es el carlismo /
Mención de responsabilidad, etc. Carlos Hugo de Borbón-Parma. seguido de Las formas de gobierno y el carlismo / José María Zavala.
260 ## - PUBLICACIÓN, DISTRIBUCIÓN, ETC.
Lugar de publicación, distribución, etc. Barcelona :
Nombre del editor, distribuidor, etc. La Gaya Ciencia,
Fecha de publicación, distribución, etc. 1976.
300 ## - DESCRIPCIÓN FÍSICA
Extensión 79 p. :
Otras características físicas il., retrs. ;
Dimensiones 17 cm.
700 1# - PUNTO DE ACCESO ADICIONAL--NOMBRE DE PERSONA
Nombre de persona Zavala, José María
Forma completa/desarrollada del nombre Zavala y Castella.
Título de la obra Formas de gobierno y el carlismo
9 (RLIN) 65104
Existencias
Estado de retiro Estado de pérdida Restricciones de uso No para préstamo Código de colección Localización permanente Ubicación/localización actual Ubicación en estantería Fecha de adquisición Número de inventario Total de préstamos Signatura topográfica completa Código de barras Fecha visto por última vez Precio válido a partir de Tipo de ítem Koha
        Monografías: Libros y Folletos Patrimonio Dominicano Patrimonio Dominicano Orden iniciada 25.04.2013 LF1   38804-10 25.06.2020 25.06.2020 No se presta

Con tecnología Koha